Geschichte - in welchem Jahr war das? - Statistiken

Allgemein
  • Dieses Quiz wurde 352 mal gespielt
  • Das Durchschnittsergebnis liegt bei 11 aus 14
Antwortstatistiken
Hint Antwort % Korrekt
Ende des 2. Weltkriegs 1945
94%
Wiedervereinigung 1990
93%
Beginn des 1. Weltkriegs 1914
91%
Ende des 1. Weltkriegs 1918
91%
Beginn des 2. Weltkriegs 1939
91%
Mauerfall 1989
90%
Hitler wird Reichskanzler 1933
88%
Gründung der DDR 1949
78%
Beginn des Mauerbaus 1961
73%
Stauffenberg-Attentat 1944
70%
Beginn der Weltwirtschaftskrise 1929
69%
Helmut Kohl wird Bundeskanzler 1982
64%
Kniefall von Warschau 1970
61%
Gründung des Warschauer Pakts 1955
47%
Keine übereinstimmenden Quizze gefunden
Verteilung der Resultate
Anzahl Personen mit jedem Resultat
Perzentil nach korrekt beantworteten Fragen
Ihre Resultats-Entwicklung
Sie haben dieses Quiz noch nicht gespielt